[Event "Chioggia op-B 04th"]
[Site "Chioggia"]
[Date "2009.10.11"]
[Round "4"]
[White "De Concini, Alessandro"]
[Black "Penzo, Amleto"]
[Result "0-1"]
[WhiteElo "1440"]
[BlackElo "1768"]
[PlyCount "68"]
[EventDate "2009.10.09"]
[EventType "swiss"]
[EventRounds "5"]
[EventCountry "ITA"]
[SourceTitle "EXT 2022"]
[Source "ChessBase"]
[SourceDate "2021.10.06"]
[SourceVersion "1"]
[SourceVersionDate "2021.10.06"]
[SourceQuality "1"]

1. e4 c5 2. Nf3 d6 3. d4 cxd4 4. Nxd4 Nf6 5. Nc3 g6 6. Bc4 Bg7 7. 0-0 0-0 8. Bg5 Nc6 9. Nde2 a6 10. f4 b5 11. Bb3 b4 12. Bxf6 Bxf6 13. Nd5 Bxb2 14. Rb1 Bg7 15. Ba4 Bd7 16. Bxc6 Bxc6 17. Rxb4 a5 18. Rb3 e6 19. Ndc3 a4 20. Rb1 Qc7 21. Nd4 Qa7 22. e5 dxe5 23. fxe5 Bxe5 24. Nce2 Be4 25. Kh1 Rfd8 26. c3 Bxb1 27. Qxb1 Rab8 28. Qc2 a3 29. Nc6 Qe3 30. Rf3 Qd2 31. Qxd2 Rxd2 32. Nxb8 Rxe2 33. Rf1 Bxb8 34. Rb1 Rxa2 0-1